Normal view
MARC view
- Copan, Paul
Entry Personal Name
001 - CONTROL NUMBER
- control field: 25803
003 - CONTROL NUMBER IDENTIFIER
- control field: IN-BhIIT
005 - DATE AND TIME OF LATEST TRANSACTION
- control field: 20250313110729.0
008 - FIXED-LENGTH DATA ELEMENTS
- fixed length control field: 250313|| aca||aabn | a|a d
040 ## - CATALOGING SOURCE
- Original cataloging agency: IN-BhIIT
- Transcribing agency: IN-BhIIT
100 ## - HEADING--PERSONAL NAME
- Personal name: Copan, Paul
670 ## - SOURCE DATA FOUND
- Source citation: Work cat.: (IN-BhIIT)14627: The Routledge companion to philosophy of religion /, 2013.